Giáo trình kinh tế phát triển

محفوظ في:
التفاصيل البيبلوغرافية
المؤلف الرئيسي: Vũ, Thị Ngọc Phùng
التنسيق: كتاب
اللغة:Undetermined
منشور في: Hà Nội Lao động - Xã hội 2006
الموضوعات:
الوسوم: إضافة وسم
لا توجد وسوم, كن أول من يضع وسما على هذه التسجيلة!
Thư viện lưu trữ: Trung tâm Học liệu Trường Đại học Cần Thơ
LEADER 00652nam a2200229Ia 4500
001 CTU_110663
008 210402s9999 xx 000 0 und d
020 |c 30000 
082 |a 338.9 
082 |b Ph513 
100 |a Vũ, Thị Ngọc Phùng 
245 0 |a Giáo trình kinh tế phát triển 
245 0 |c Vũ Thị Ngọc Phùng 
260 |a Hà Nội 
260 |b Lao động - Xã hội 
260 |c 2006 
526 |a Kinh tế phát triển 
526 |b KT631 
650 |a Developing countries 
650 |x Economic conditions 
904 |i Minh 
980 |a Trung tâm Học liệu Trường Đại học Cần Thơ